[Event "Enschede op"]
[Site "Enschede"]
[Date "2008.08.07"]
[Round "7"]
[White "Giri, Anish"]
[Black "Mamedov, Nidjat"]
[Result "1/2-1/2"]
[WhiteElo "2430"]
[BlackElo "2564"]
[PlyCount "67"]
[EventDate "2008.08.01"]
[EventType "swiss"]
[EventRounds "9"]
[EventCountry "NED"]
[SourceTitle "CBM 126 Extra"]
[Source "ChessBase"]
[SourceDate "2008.11.05"]
[SourceVersion "1"]
[SourceVersionDate "2008.11.05"]
[SourceQuality "1"]

1. e4 c5 2. Nf3 d6 3. Bb5+ Nc6 4. O-O Bd7 5. Re1 Nf6 6. c3 a6 7. Bxc6 Bxc6 8.
d4 cxd4 9. cxd4 d5 10. e5 Ne4 11. e6 f6 12. Nfd2 Nxd2 13. Bxd2 g6 14. Qb3 Bg7
15. Nc3 O-O 16. h4 f5 17. Ne2 Qd6 18. h5 f4 19. hxg6 hxg6 20. Qf3 g5 21. Qg4
Rf6 22. Qxg5 Raf8 23. a3 Be8 24. Bb4 Qd8 25. Nc3 Bc6 26. a4 Kh7 27. Re5 Bh6 28.
Qh4 Rg8 29. Rh5 Rgg6 30. Re1 Qg8 31. Qh3 f3 32. Bxe7 Rxe6 33. Rxe6 Rxg2+ 34.
Kh1 1/2-1/2

[Event "Enschede op"]
[Site "Enschede"]
[Date "2008.08.09"]
[Round "8"]
[White "Iotov, Valentin Dimitrov"]
[Black "Giri, Anish"]
[Result "1/2-1/2"]
[WhiteElo "2519"]
[BlackElo "2430"]
[PlyCount "125"]
[EventDate "2008.08.01"]
[EventType "swiss"]
[EventRounds "9"]
[EventCountry "NED"]
[SourceTitle "CBM 126 Extra"]
[Source "ChessBase"]
[SourceDate "2008.11.05"]
[SourceVersion "1"]
[SourceVersionDate "2008.11.05"]
[SourceQuality "1"]

1. d4 Nf6 2. c4 c5 3. d5 b5 4. cxb5 a6 5. b6 Qxb6 6. Nc3 d6 7. Nf3 g6 8. Nd2
Bg7 9. e4 O-O 10. Be2 Nbd7 11. O-O Qc7 12. a4 Bb7 13. a5 e6 14. Nc4 Nxe4 15.
Nxe4 exd5 16. Bf4 Ne5 17. Bxe5 dxe5 18. Nb6 Rad8 19. Nd2 e4 20. Qc2 Be5 21. g3
f5 22. Rac1 Rf6 23. Nb3 c4 24. Rfd1 Kg7 25. f4 exf3 26. Bxf3 Rxb6 27. axb6
Qxb6+ 28. Kg2 cxb3 29. Qc5 Qf6 30. Qa7 Rd7 31. Rd3 Bxg3 32. Rxb3 Be5 33. Rc2
Qg5+ 34. Kf1 Qf4 35. Qe3 Qxe3 36. Rxe3 d4 37. Rxe5 d3 38. Rd2 Bxf3 39. Kf2 Be4
40. Re6 a5 41. Re5 Ra7 42. Ke3 Kf6 43. Rc5 a4 44. Rc1 g5 45. Rc4 a3 46. bxa3
Rxa3 47. Rb2 Ra6 48. Rcb4 Re6 49. Rb6 f4+ 50. Kd4 Bg6 51. Rxe6+ Kxe6 52. Rb6+
Kf5 53. Kxd3 Kg4+ 54. Ke2 Kh3 55. Kf3 Bh5+ 56. Kf2 Kg4 57. Rb5 Bg6 58. Rb3 Be4
59. Rb4 Bg6 60. Rb3 h5 61. Rb6 Bf5 62. Rb5 Be4 63. Rb4 1/2-1/2

[Event "Vienna"]
[Site "Vienna"]
[Date "2008.08.18"]
[Round "3"]
[White "Giri, Anish"]
[Black "Neubauer, Martin"]
[Result "1/2-1/2"]
[WhiteElo "2430"]
[BlackElo "2457"]
[PlyCount "115"]
[EventDate "2008.08.16"]
[EventType "tourn"]
[EventRounds "9"]
[EventCountry "AUT"]
[EventCategory "8"]
[SourceTitle "CBM 125 Extra"]
[Source "ChessBase"]
[SourceDate "2008.09.01"]
[SourceVersion "1"]
[SourceVersionDate "2008.09.01"]
[SourceQuality "1"]

1. e4 e5 2. Nf3 Nc6 3. Bb5 Nf6 4. O-O Nxe4 5. d4 Nd6 6. Bxc6 dxc6 7. dxe5 Nf5
8. Qxd8+ Kxd8 9. Nc3 Ke8 10. h3 Be7 11. Bf4 Nh4 12. Nd2 Bb4 13. Nce4 Bxd2 14.
Nxd2 Be6 15. Nb3 b6 16. Nd4 c5 17. Nxe6 fxe6 18. g4 Rf8 19. Bg3 Nf3+ 20. Kg2
Rd8 21. Rad1 g5 22. Rxd8+ Kxd8 23. Rd1+ Ke7 24. c3 a5 25. Rh1 Kd7 26. h4 gxh4
27. Bxh4 Nxe5 28. Bg3 Nxg4 29. Rxh7+ Kc6 30. c4 b5 31. Rxc7+ Kb6 32. Re7 bxc4
33. Rxe6+ Kb5 34. f4 c3 35. bxc3 Kc4 36. Kf3 Nf6 37. f5 Nd5 38. Kg4 Kxc3 39.
Be5+ Kd3 40. f6 c4 41. Kf5 Nxf6 42. Bxf6 c3 43. Rd6+ Ke3 44. Rc6 Kd2 45. Ke4
Re8+ 46. Kd4 c2 47. Bg5+ Kd1 48. Rh6 Re1 49. Rc6 Rg1 50. Be3 Rg3 51. a4 Rg4+
52. Kc3 c1=Q+ 53. Bxc1 Kxc1 54. Rc5 Rg3+ 55. Kc4 Kb2 56. Kb5 Rb3+ 57. Kxa5 Ka3
58. Rh5 1/2-1/2

[Event "Vienna"]
[Site "Vienna"]
[Date "2008.08.19"]
[Round "4"]
[White "Schneider Zinner, Harald"]
[Black "Giri, Anish"]
[Result "1/2-1/2"]
[WhiteElo "2378"]
[BlackElo "2430"]
[PlyCount "94"]
[EventDate "2008.08.16"]
[EventType "tourn"]
[EventRounds "9"]
[EventCountry "AUT"]
[EventCategory "8"]
[SourceTitle "CBM 125 Extra"]
[Source "ChessBase"]
[SourceDate "2008.09.01"]
[SourceVersion "1"]
[SourceVersionDate "2008.09.01"]
[SourceQuality "1"]

1. d4 Nf6 2. c4 c5 3. Nf3 cxd4 4. Nxd4 Nc6 5. Nc3 g6 6. e4 d6 7. Be2 Nxd4 8.
Qxd4 Bg7 9. O-O O-O 10. Qd1 Be6 11. Be3 Qa5 12. Rc1 Rfc8 13. Nd5 Bxd5 14. exd5
Nd7 15. Bd4 Bxd4 16. Qxd4 Qxa2 17. Rfe1 Nc5 18. Rc2 Qa5 19. Rd1 Qd8 20. b4 Nd7
21. Bf1 a5 22. bxa5 Rxa5 23. Rb2 Rc7 24. Rdb1 Qc8 25. f4 Nf6 26. h3 Qa8 27. Kh2
Qa7 28. Qd2 Ra3 29. Rb3 Ra2 30. R1b2 Ra1 31. Rb1 Rxb1 32. Rxb1 Qa3 33. Re1 Nh5
34. Qf2 Qc3 35. Re4 f5 36. Re6 Nf6 37. Qb6 Ne8 38. Be2 Qd2 39. Re3 Nf6 40. Rf3
Rd7 41. Bd3 h5 42. Qd4 Ne4 43. Re3 h4 44. Rxe4 fxe4 45. Qxe4 Kf8 46. Qd4 Kg8
47. Qe4 Kf8 1/2-1/2

[Event "Vienna"]
[Site "Vienna"]
[Date "2008.08.20"]
[Round "5"]
[White "Giri, Anish"]
[Black "Pachta, Paul"]
[Result "1-0"]
[WhiteElo "2430"]
[BlackElo "2312"]
[PlyCount "77"]
[EventDate "2008.08.16"]
[EventType "tourn"]
[EventRounds "9"]
[EventCountry "AUT"]
[EventCategory "8"]
[SourceTitle "CBM 125 Extra"]
[Source "ChessBase"]
[SourceDate "2008.09.01"]
[SourceVersion "1"]
[SourceVersionDate "2008.09.01"]
[SourceQuality "1"]

1. e4 c5 2. Nf3 d6 3. d4 cxd4 4. Nxd4 Nf6 5. Nc3 g6 6. Be3 Bg7 7. Be2 Nc6 8.
Qd2 O-O 9. O-O-O Ng4 10. Bxg4 Bxg4 11. f3 Bd7 12. h4 Ne5 13. b3 Rc8 14. Kb1 Re8
15. h5 Qa5 16. Nd5 Qxd2 17. Rxd2 e6 18. Nf4 Rc3 19. Nd3 Nxd3 20. cxd3 a5 21.
Ne2 Rc6 22. Bd4 Bxd4 23. Nxd4 Rc5 24. hxg6 hxg6 25. g3 Kg7 26. Kb2 Rec8 27. f4
b5 28. Nf3 Rh8 29. Rxh8 Kxh8 30. Ng5 Kg7 31. Rh2 Be8 32. d4 Rc8 33. e5 dxe5 34.
dxe5 Kf8 35. Ne4 Ke7 36. Rh8 Bd7 37. Rxc8 Bxc8 38. Nd6 Bd7 39. b4 1-0

[Event "Vienna"]
[Site "Vienna"]
[Date "2008.08.21"]
[Round "6"]
[White "Giri, Anish"]
[Black "Chatalbashev, Boris"]
[Result "1-0"]
[WhiteElo "2430"]
[BlackElo "2596"]
[PlyCount "111"]
[EventDate "2008.08.16"]
[EventType "tourn"]
[EventRounds "9"]
[EventCountry "AUT"]
[EventCategory "8"]
[SourceTitle "CBM 125 Extra"]
[Source "ChessBase"]
[SourceDate "2008.09.01"]
[SourceVersion "1"]
[SourceVersionDate "2008.09.01"]
[SourceQuality "1"]

1. d4 Nf6 2. Nf3 c5 3. d5 b5 4. c4 Bb7 5. Qc2 Na6 6. a3 e6 7. e4 exd5 8. cxd5
Qe7 9. Nbd2 c4 10. Be2 Nc5 11. O-O Nfxe4 12. Nd4 Nd6 13. b4 Na4 14. Nxc4 bxc4
15. Qxa4 g6 16. Nb5 Bg7 17. Bg5 Qe5 18. Rae1 O-O 19. Bf3 Ne4 20. Bxe4 a6 21.
Bh4 axb5 22. Qxb5 Ba6 23. Qxd7 c3 24. b5 Bc8 25. Qc6 Bf5 26. Bg3 Qd4 27. Bxf5
gxf5 28. Bc7 Ra4 29. Bd6 Rc4 30. Qe8 Rc8 31. Bxf8 Rxe8 32. Bxg7 Kxg7 33. Rxe8
Qxd5 34. Rc8 Qb3 35. Rc1 Qxa3 36. R8xc3 Qb2 37. Rc5 f4 38. Re1 Qb4 39. Rce5 f3
40. g3 h5 41. h4 f5 42. b6 f4 43. R5e4 Qd2 44. gxf4 Qa5 45. Re5 Qxb6 46. Re7+
Kf6 47. R7e6+ Qxe6 48. Rxe6+ Kxe6 49. Kh2 Kf5 50. Kg3 Ke4 51. f5 Ke5 52. Kxf3
Kxf5 53. Ke3 Ke5 54. f4+ Kd5 55. Kd3 Kd6 56. Kd4 1-0

[Event "Vienna"]
[Site "Vienna"]
[Date "2008.08.22"]
[Round "7"]
[White "Kreisl, Robert"]
[Black "Giri, Anish"]
[Result "1-0"]
[WhiteElo "2337"]
[BlackElo "2430"]
[PlyCount "151"]
[EventDate "2008.08.16"]
[EventType "tourn"]
[EventRounds "9"]
[EventCountry "AUT"]
[EventCategory "8"]
[SourceTitle "CBM 125 Extra"]
[Source "ChessBase"]
[SourceDate "2008.09.01"]
[SourceVersion "1"]
[SourceVersionDate "2008.09.01"]
[SourceQuality "1"]

1. e4 c5 2. Nf3 d6 3. d4 cxd4 4. Nxd4 Nf6 5. Nc3 a6 6. Be3 e6 7. Be2 Nbd7 8. a4
b6 9. f4 Bb7 10. Bf3 Rc8 11. e5 Bxf3 12. Nxf3 Ng4 13. Bd4 dxe5 14. fxe5 Bc5 15.
Ne4 O-O 16. Nxc5 bxc5 17. Bc3 Ne3 18. Qe2 Nd5 19. Qxa6 Nxc3 20. bxc3 c4 21. Qa7
Nb6 22. a5 Nd5 23. Qd4 Ra8 24. a6 Nc7 25. Qxc4 Qb8 26. O-O Qb6+ 27. Qd4 Rxa6
28. Rxa6 Qxa6 29. Ng5 Qa3 30. Qe4 Qc5+ 31. Kh1 f5 32. Qd4 Qe7 33. Qd6 Qxg5 34.
Qxc7 f4 35. Qd6 Qg4 36. h3 Qg6 37. c4 f3 38. Rxf3 Rxf3 39. gxf3 Qf5 40. Qb8+
Kf7 41. Qb7+ Kg6 42. Qe4 Qxe4 43. fxe4 Kf7 44. h4 g6 45. h5 gxh5 46. Kh2 Ke7
47. Kh3 Kd7 48. Kh4 Kc6 49. Kxh5 Kc5 50. Kg5 Kxc4 51. Kf6 h5 52. Kxe6 h4 53.
Kd6 h3 54. e6 h2 55. e7 h1=Q 56. e8=Q Kc3 57. Qc6+ Kb2 58. e5 Qh6+ 59. e6 Qd2+
60. Kc7 Qh2+ 61. Kd7 Qh3 62. Qc4 Kc1 63. Qd3 Qg4 64. c4 Kb2 65. c5 Ka1 66. c6
Qa4 67. e7 Qa7+ 68. c7 Qa4+ 69. Kd8 Qa8+ 70. c8=Q Qa5+ 71. Qc7 Qa8+ 72. Kd7
Qa4+ 73. Qc6 Qa7+ 74. Ke6 Qa2+ 75. Qcc4 Qb3 76. Qdc3+ 1-0

[Event "Vienna"]
[Site "Vienna"]
[Date "2008.08.23"]
[Round "8"]
[White "Giri, Anish"]
[Black "Schroll, Gerhard"]
[Result "1-0"]
[WhiteElo "2430"]
[BlackElo "2436"]
[PlyCount "73"]
[EventDate "2008.08.16"]
[EventType "tourn"]
[EventRounds "9"]
[EventCountry "AUT"]
[EventCategory "8"]
[SourceTitle "CBM 125 Extra"]
[Source "ChessBase"]
[SourceDate "2008.09.01"]
[SourceVersion "1"]
[SourceVersionDate "2008.09.01"]
[SourceQuality "1"]

1. Nf3 Nf6 2. g3 d5 3. c4 e6 4. Bg2 Be7 5. O-O O-O 6. d4 dxc4 7. Qc2 a6 8. Qxc4
b5 9. Qc2 Bb7 10. Bd2 Be4 11. Qc1 Qc8 12. Bg5 Nbd7 13. Nbd2 Bb7 14. Nb3 c5 15.
Bxf6 gxf6 16. Qf4 Qb8 17. Qh4 cxd4 18. Rad1 Rd8 19. Na5 Bd5 20. Rxd4 Nf8 21. e4
Qb6 22. exd5 Qxa5 23. dxe6 fxe6 24. Rg4+ Ng6 25. Bh3 Qxa2 26. Re1 Rd6 27. Qh5
Rad8 28. Nd4 f5 29. Rxg6+ hxg6 30. Qxg6+ Kf8 31. Qh6+ Kf7 32. Bxf5 e5 33. Qh7+
Kf8 34. Rxe5 Bf6 35. Ne6+ Rxe6 36. Bxe6 Qa1+ 37. Kg2 1-0

[Event "NED-chT 0809"]
[Site "Netherlands"]
[Date "2009.03.07"]
[Round "6.3"]
[White "Giri, Anish"]
[Black "Wiersma, Eelke"]
[Result "1/2-1/2"]
[WhiteElo "2430"]
[BlackElo "2419"]
[PlyCount "130"]
[EventDate "2008.09.27"]
[EventType "team-tourn"]
[EventRounds "9"]
[EventCountry "NED"]
[SourceTitle "EXT 2010"]
[Source "ChessBase"]
[SourceDate "2010.11.25"]
[SourceVersion "1"]
[SourceVersionDate "2010.11.25"]
[SourceQuality "1"]
[WhiteTeam "Calder HMC"]
[BlackTeam "Leiden LSG"]
[WhiteTeamCountry "NED"]
[BlackTeamCountry "NED"]

1. d4 f5 2. g3 Nf6 3. Bg2 g6 4. Nh3 Bg7 5. Nf4 Nc6 6. d5 Ne5 7. Nc3 c6 8. e4 d6
9. exf5 Bxf5 10. h3 O-O 11. O-O Ne8 12. Qe2 Nc7 13. a4 Kh8 14. a5 Qc8 15. Kh2
cxd5 16. a6 bxa6 17. Ncxd5 Nxd5 18. Nxd5 Rb8 19. Ne3 Bd7 20. c4 Nc6 21. Ra3 Nd4
22. Qd1 Bc6 23. Nd5 Qb7 24. Rd3 Nb3 25. Bg5 Rf7 26. Kg1 Nc5 27. Re3 e6 28. Nf4
Bxg2 29. Nxg2 Ne4 30. h4 d5 31. cxd5 exd5 32. Bf4 Rc8 33. Rb3 Qc6 34. Rd3 d4
35. h5 g5 36. Bc1 Nxf2 37. Rxf2 Rxf2 38. Kxf2 Qxc1 39. h6 Rc2+ 40. Kf3 Qxd1+
41. Rxd1 Bf6 42. Ne1 Rxb2 43. Rc1 Kg8 44. Rc7 Rh2 45. Rxa7 Rxh6 46. Rxa6 Kg7
47. Ra7+ Kg6 48. Kg2 Kf5 49. Nd3 Ke4 50. Nf2+ Kd5 51. Kf3 Bh8 52. Ng4 Rb6 53.
Rxh7 Rb3+ 54. Kg2 Be5 55. Nxe5 Kxe5 56. Re7+ Kf5 57. Re2 d3 58. Ra2 Rc3 59. Ra4
Ke5 60. Kf3 d2+ 61. Ke2 Rd3 62. Kd1 Kf5 63. g4+ Ke5 64. Rb4 Kd5 65. Rb5+ Ke4
1/2-1/2

[Event "NED-chT 0809"]
[Site "Netherlands"]
[Date "2009.03.28"]
[Round "7.9"]
[White "Janssen, Ruud"]
[Black "Giri, Anish"]
[Result "1/2-1/2"]
[WhiteElo "2504"]
[BlackElo "2430"]
[PlyCount "42"]
[EventDate "2008.09.27"]
[EventType "team-tourn"]
[EventRounds "9"]
[EventCountry "NED"]
[SourceTitle "EXT 2010"]
[Source "ChessBase"]
[SourceDate "2010.11.25"]
[SourceVersion "1"]
[SourceVersionDate "2010.11.25"]
[SourceQuality "1"]
[WhiteTeam "Hilversum HSG"]
[BlackTeam "Calder HMC"]
[WhiteTeamCountry "NED"]
[BlackTeamCountry "NED"]

1. Nf3 Nf6 2. c4 g6 3. Nc3 Bg7 4. g3 O-O 5. Bg2 d6 6. O-O e5 7. d3 a5 8. a3 Bd7
9. Bg5 a4 10. Nd2 Qc8 11. c5 dxc5 12. Bxf6 Bxf6 13. Nd5 Bd8 14. Rc1 Na6 15. Ne4
Bh3 16. Bxh3 Qxh3 17. Qxa4 c6 18. Ne3 Qe6 19. Qc4 Qxc4 20. Rxc4 Be7 21. g4 f5
1/2-1/2

[Event "Bundesliga 0809"]
[Site "Germany"]
[Date "2009.02.28"]
[Round "12.5"]
[White "Giri, Anish"]
[Black "Bacrot, Etienne"]
[Result "0-1"]
[WhiteElo "2466"]
[BlackElo "2705"]
[PlyCount "90"]
[EventDate "2008.10.03"]
[EventType "team-tourn"]
[EventRounds "15"]
[EventCountry "GER"]
[SourceTitle "CBM 128 Extra"]
[Source "ChessBase"]
[SourceDate "2009.03.05"]
[SourceVersion "2"]
[SourceVersionDate "2009.03.25"]
[SourceQuality "1"]
[WhiteTeam "Emsdetten"]
[BlackTeam "Baden-Baden"]
[WhiteTeamCountry "GER"]
[BlackTeamCountry "GER"]

1. d4 Nf6 2. c4 g6 3. Nc3 Bg7 4. e4 d6 5. Nf3 O-O 6. Be2 Nbd7 7. Be3 e5 8. d5
Ng4 9. Bg5 f6 10. Bh4 h5 11. Nd2 Nh6 12. f3 Rf7 13. Qc2 g5 14. Bf2 f5 15. O-O-O
fxe4 16. Ndxe4 Nf5 17. Bd3 b6 18. Ng3 Nd4 19. Bxd4 exd4 20. Nce2 g4 21. Bg6 Rf8
22. Nxh5 d3 23. Rxd3 Ne5 24. Rd2 gxf3 25. gxf3 Nxf3 26. Nxg7 Kxg7 27. Bh5 Ne5
28. Rg1+ Kh8 29. Rd4 Bf5 30. Qd2 Bh7 31. Nf4 Qf6 32. Be2 Rg8 33. Rf1 Raf8 34.
Qc3 Qh6 35. Qd2 Rf6 36. Nd3 Rxf1+ 37. Bxf1 Qxd2+ 38. Kxd2 Nf3+ 39. Kc3 Nxd4 40.
Kxd4 Rg1 41. Be2 Bxd3 42. Bxd3 Rg2 43. Kc3 Rxh2 44. a4 Kg7 45. b4 Kf6 0-1

[Event "Wch U12"]
[Site "Vung Tau"]
[Date "2008.10.20"]
[Round "1"]
[White "Girish, A Koushnik"]
[Black "Pon, Matt"]
[Result "1-0"]
[WhiteElo "2161"]
[BlackElo "1544"]
[PlyCount "75"]
[EventDate "2008.10.20"]
[EventType "swiss"]
[EventRounds "11"]
[EventCountry "VIE"]
[SourceTitle "EXT 2009"]
[Source "ChessBase"]
[SourceDate "2008.11.26"]
[SourceVersion "1"]
[SourceVersionDate "2008.11.26"]
[SourceQuality "1"]

1. d4 Nf6 2. Nf3 g6 3. c4 Bg7 4. Nc3 O-O 5. e4 d6 6. Be2 e5 7. O-O Nc6 8. d5
Ne7 9. Ne1 Ne8 10. f4 f5 11. Nd3 exf4 12. Bxf4 Nf6 13. e5 dxe5 14. Bxe5 a6 15.
Qb3 Kh8 16. Rad1 Nd7 17. Bxg7+ Kxg7 18. c5 Nf6 19. Ne5 Qe8 20. Bf3 Nexd5 21.
Nxd5 Qxe5 22. Rfe1 Ne4 23. Qc2 Re8 24. b4 Bd7 25. Nb6 Bc6 26. Nxa8 Rxa8 27.
Bxe4 Bxe4 28. Rd7+ Kh8 29. Qd2 Rg8 30. Qh6 Rg7 31. Red1 Qb2 32. Rd8+ Rg8 33.
Rxg8+ Kxg8 34. Rd8+ Kf7 35. Qf8+ Ke6 36. Qe8+ Kf6 37. Qh8+ Ke7 38. Qxb2 1-0

[Event "Wch U12"]
[Site "Vung Tau"]
[Date "2008.10.21"]
[Round "2"]
[White "Enkhnar, Enkhbaatar"]
[Black "Girish, A Koushnik"]
[Result "0-1"]
[WhiteElo "1942"]
[BlackElo "2161"]
[PlyCount "118"]
[EventDate "2008.10.20"]
[EventType "swiss"]
[EventRounds "11"]
[EventCountry "VIE"]
[SourceTitle "EXT 2009"]
[Source "ChessBase"]
[SourceDate "2008.11.26"]
[SourceVersion "1"]
[SourceVersionDate "2008.11.26"]
[SourceQuality "1"]

1. d4 Nf6 2. c4 g6 3. Nc3 d5 4. cxd5 Nxd5 5. e4 Nxc3 6. bxc3 Bg7 7. Bc4 c5 8.
Be3 O-O 9. Ne2 Nc6 10. O-O Bg4 11. f3 Bd7 12. Rc1 Rc8 13. Qd2 Qa5 14. Qb2 Rb8
15. Rfd1 b5 16. Bd5 cxd4 17. cxd4 Rbc8 18. Rc5 Nb4 19. Rxc8 Rxc8 20. Bd2 e6 21.
Bxb4 Qa4 22. Rd2 a5 23. Bc5 exd5 24. Rc2 dxe4 25. fxe4 Bg4 26. Qb3 Qxb3 27.
axb3 Re8 28. Ng3 Bd1 29. Ra2 Ra8 30. b4 a4 31. Kf2 Bb3 32. Ra3 Rd8 33. e5 f6
34. Be7 Rxd4 35. exf6 Bxf6 36. Ne2 Rd7 37. Bxf6 Rf7 38. Nd4 Rxf6+ 39. Ke3 Bc4
40. Nf3 Re6+ 41. Kd4 Re2 42. Ne5 Bb3 43. g3 Rxh2 44. Kc5 Rh5 45. Kd6 Rg5 46.
Nd7 Rxg3 47. Kc5 Rg5+ 48. Kb6 h5 49. Nc5 Bc4 50. Ne4 Re5 51. Nd6 Be2 52. Rg3
Kg7 53. Rc3 h4 54. Rc7+ Kf6 55. Rh7 Rh5 56. Ne8+ Kg5 57. Re7 h3 58. Rxe2 h2 59.
Rg2+ Kh6 0-1

[Event "Wch U12"]
[Site "Vung Tau"]
[Date "2008.10.22"]
[Round "3"]
[White "Girish, A Koushnik"]
[Black "Mirzaei, Saleh"]
[Result "1/2-1/2"]
[WhiteElo "2161"]
[BlackElo "1962"]
[PlyCount "102"]
[EventDate "2008.10.20"]
[EventType "swiss"]
[EventRounds "11"]
[EventCountry "VIE"]
[SourceTitle "EXT 2009"]
[Source "ChessBase"]
[SourceDate "2008.11.26"]
[SourceVersion "1"]
[SourceVersionDate "2008.11.26"]
[SourceQuality "1"]

1. d4 Nf6 2. Nf3 e6 3. c4 b6 4. Qa4 Bb7 5. Nc3 Be7 6. Bg5 O-O 7. e3 Ne4 8. Bxe7
Qxe7 9. Nxe4 Bxe4 10. Be2 f5 11. O-O d6 12. Nd2 Bb7 13. Bf3 Bxf3 14. Nxf3 Nd7
15. Qc6 Nf6 16. d5 e5 17. Ng5 Qd7 18. Qxd7 Nxd7 19. Ne6 Rfc8 20. f4 g6 21. b4
a5 22. a3 Nf8 23. Nxf8 Rxf8 24. fxe5 dxe5 25. Kf2 Kf7 26. e4 Ke7 27. Ke3 f4+
28. Kf2 g5 29. h3 h5 30. Rfc1 Kd7 31. b5 a4 32. c5 Rfb8 33. Rab1 bxc5 34. Rxc5
Ra5 35. Rb4 Kd6 36. Rc6+ Kd7 37. Rg6 Raxb5 38. Rxb5 Rxb5 39. Rxg5 Rb3 40. Rxe5
Rxa3 41. Rxh5 Re3 42. Rh8 Rxe4 43. Ra8 Rd4 44. Ra5 Kd6 45. h4 Rxd5 46. Rxa4 Ke5
47. Rc4 c5 48. Kf3 Rd3+ 49. Ke2 Rd5 50. h5 Kf6 51. Rxf4+ Kg5 1/2-1/2

[Event "Wch U12"]
[Site "Vung Tau"]
[Date "2008.10.22"]
[Round "4"]
[White "Velikanov, Alexander"]
[Black "Girish, A Koushnik"]
[Result "0-1"]
[WhiteElo "2067"]
[BlackElo "2161"]
[PlyCount "70"]
[EventDate "2008.10.20"]
[EventType "swiss"]
[EventRounds "11"]
[EventCountry "VIE"]
[SourceTitle "EXT 2009"]
[Source "ChessBase"]
[SourceDate "2008.11.26"]
[SourceVersion "1"]
[SourceVersionDate "2008.11.26"]
[SourceQuality "1"]

1. e4 c5 2. Nf3 a6 3. d4 cxd4 4. Nxd4 Nf6 5. Nc3 e5 6. Nb3 Bb4 7. Bd3 O-O 8.
O-O Bxc3 9. bxc3 d5 10. exd5 Qxd5 11. c4 Qc6 12. Bb2 Re8 13. f3 Nbd7 14. Qe1 a5
15. Kh1 b6 16. Qg3 Ba6 17. Nd2 Rad8 18. Rae1 Qd6 19. Ne4 Nxe4 20. Rxe4 f6 21.
Rg4 Re7 22. Bc1 Nf8 23. Bh6 Rdd7 24. Rb1 f5 25. Bxf5 Qxh6 26. Bxd7 Nxd7 27. Rd1
Qf6 28. Rh4 Nf8 29. Qg4 Bb7 30. c5 bxc5 31. Qc4+ Kh8 32. Rd8 e4 33. h3 exf3 34.
Rf4 Re1+ 35. Kh2 Qxd8 0-1

[Event "Wch U12"]
[Site "Vung Tau"]
[Date "2008.10.23"]
[Round "5"]
[White "Girish, A Koushnik"]
[Black "Le, Tuan Minh"]
[Result "1/2-1/2"]
[WhiteElo "2161"]
[BlackElo "2027"]
[PlyCount "77"]
[EventDate "2008.10.20"]
[EventType "swiss"]
[EventRounds "11"]
[EventCountry "VIE"]
[SourceTitle "EXT 2009"]
[Source "ChessBase"]
[SourceDate "2008.11.26"]
[SourceVersion "1"]
[SourceVersionDate "2008.11.26"]
[SourceQuality "1"]

1. d4 Nf6 2. Nf3 e6 3. c4 b6 4. Qa4 Bb7 5. Nc3 Be7 6. g3 O-O 7. Bg2 d5 8. cxd5
Nxd5 9. O-O Nd7 10. Re1 N7f6 11. Ne5 c5 12. Nxd5 Nxd5 13. dxc5 bxc5 14. Nc6
Bxc6 15. Qxc6 Qa5 16. Bf4 Nxf4 17. gxf4 Rac8 18. Qe4 Bf6 19. Qc2 c4 20. a4 c3
21. b3 Rfd8 22. Red1 g6 23. e3 Kg7 24. Rac1 Qb4 25. Bf1 h6 26. Ba6 Rb8 27. Bc4
Qc5 28. Rxd8 Rxd8 29. Rd1 Re8 30. Rd7 Re7 31. Rxe7 Qxe7 32. Kg2 Qc5 33. h3 Kf8
34. Kf1 Ke7 35. Kg2 g5 36. fxg5 hxg5 37. Qe4 Qa3 38. Qb7+ Kf8 39. Bd3 1/2-1/2

[Event "Wch U12"]
[Site "Vung Tau"]
[Date "2008.10.26"]
[Round "7"]
[White "Kowsarinia, Amir"]
[Black "Girish, A Koushnik"]
[Result "1-0"]
[WhiteElo "1961"]
[BlackElo "2161"]
[PlyCount "109"]
[EventDate "2008.10.20"]
[EventType "swiss"]
[EventRounds "11"]
[EventCountry "VIE"]
[SourceTitle "EXT 2009"]
[Source "ChessBase"]
[SourceDate "2008.11.26"]
[SourceVersion "1"]
[SourceVersionDate "2008.11.26"]
[SourceQuality "1"]

1. d4 d5 2. Nf3 Nf6 3. c4 e6 4. Bg5 Nbd7 5. cxd5 exd5 6. Nc3 c6 7. e3 Qa5 8.
Nd2 Ne4 9. Ndxe4 dxe4 10. Bh4 Bb4 11. Qc2 O-O 12. Be2 Kh8 13. a3 f5 14. O-O Bd6
15. b4 Qc7 16. Bg3 Bxg3 17. hxg3 Nf6 18. Rfc1 a6 19. a4 Be6 20. Qb2 Qd6 21. b5
a5 22. Rab1 Rfb8 23. Rc2 Bf7 24. Qc1 h6 25. Nd1 Bd5 26. Nb2 Rc8 27. Nc4 Bxc4
28. Rxc4 Nd5 29. bxc6 bxc6 30. Rc5 Qd7 31. Bc4 Nb4 32. Qd1 g6 33. Qb3 Qd6 34.
Rc1 Re8 35. Qa3 Re7 36. Be2 Rd7 37. g4 Qf6 38. Re5 fxg4 39. Rxe4 h5 40. Rc5 Rd5
41. Qc3 g5 42. Re5 Rf8 43. f3 g3 44. e4 Rxe5 45. dxe5 Qg7 46. Rxa5 Rb8 47. Qd4
Rb7 48. Qd8+ Kh7 49. Qe8 Kh6 50. Ra8 h4 51. Qe6+ Kh7 52. Qf5+ Kh6 53. f4 Qg6
54. Rh8+ Rh7 55. fxg5+ 1-0

[Event "Wch U12"]
[Site "Vung Tau"]
[Date "2008.10.27"]
[Round "8"]
[White "Girish, A Koushnik"]
[Black "Pamatmat, Jarod John Munda"]
[Result "1-0"]
[WhiteElo "2161"]
[BlackElo "1971"]
[PlyCount "69"]
[EventDate "2008.10.20"]
[EventType "swiss"]
[EventRounds "11"]
[EventCountry "VIE"]
[SourceTitle "EXT 2009"]
[Source "ChessBase"]
[SourceDate "2008.11.26"]
[SourceVersion "1"]
[SourceVersionDate "2008.11.26"]
[SourceQuality "1"]

1. d4 d5 2. Nf3 Nf6 3. c4 c6 4. Nc3 e6 5. e3 Nbd7 6. Qc2 Bd6 7. b3 O-O 8. Be2
b6 9. O-O Bb7 10. Bb2 c5 11. Rad1 Qe7 12. cxd5 exd5 13. dxc5 bxc5 14. Qf5 Qe6
15. Bd3 Ne5 16. Ng5 Qxf5 17. Bxf5 h6 18. Nb5 Bb8 19. Nf3 Nxf3+ 20. gxf3 d4 21.
exd4 Bxf3 22. dxc5 a6 23. Nd6 Bxd1 24. Rxd1 Ba7 25. b4 Ne8 26. Nc4 a5 27. a3
axb4 28. axb4 Rb8 29. Bc3 Nc7 30. Rd7 Nb5 31. Be5 Rbd8 32. Nd6 Rde8 33. Nxe8
Rxe8 34. Bd3 Na3 35. Rxa7 1-0

[Event "Wch U12"]
[Site "Vung Tau"]
[Date "2008.10.28"]
[Round "9"]
[White "Le, Huu Thai"]
[Black "Girish, A Koushnik"]
[Result "0-1"]
[WhiteElo "1898"]
[BlackElo "2161"]
[PlyCount "122"]
[EventDate "2008.10.20"]
[EventType "swiss"]
[EventRounds "11"]
[EventCountry "VIE"]
[SourceTitle "EXT 2009"]
[Source "ChessBase"]
[SourceDate "2008.11.26"]
[SourceVersion "1"]
[SourceVersionDate "2008.11.26"]
[SourceQuality "1"]

1. e4 c5 2. Nf3 a6 3. c3 Nf6 4. e5 Nd5 5. d4 cxd4 6. cxd4 e6 7. Nc3 Nxc3 8.
bxc3 Qc7 9. Qc2 d6 10. Bf4 Nd7 11. Bd3 dxe5 12. dxe5 h6 13. O-O Nc5 14. Rfd1
Bd7 15. Nd4 Ba4 16. Nb3 Nxd3 17. Qxd3 Be7 18. Qg3 Kf8 19. Rd4 Bc6 20. Rad1 g6
21. Be3 Kg7 22. h4 a5 23. Rf4 Rad8 24. Nd4 Be8 25. Rf6 Kg8 26. Qf4 Bxf6 27.
Qxf6 Rd5 28. c4 Rd7 29. Rc1 Qd8 30. Qf4 Rc7 31. Ne2 Rc8 32. Ng3 Bc6 33. Bc5 Kg7
34. Rc3 h5 35. Bd6 g5 36. hxg5 h4 37. Nf1 Rh5 38. Qf6+ Qxf6 39. gxf6+ Kg6 40.
Kh2 Rg5 41. f3 Rf5 42. Ne3 Rf4 43. Kh3 Kh5 44. c5 Rg8 45. Nc2 Ra4 46. a3 Rf4
47. Kh2 h3 48. g4+ Kh4 49. Ne1 Rgxg4 50. fxg4 Rf2+ 51. Kg1 h2+ 52. Kxf2 h1=Q
53. Ke2 Qh2+ 54. Kd1 Qb2 55. Rc1 Qxa3 56. Kd2 Qb4+ 57. Rc3 a4 58. Nc2 Qf4+ 59.
Ne3 Qd4+ 60. Kc2 Be4+ 61. Kb2 Qb4+ 0-1